Not So General Knowledge - Music Edition - Statistics

General Stats
  • This quiz has been taken 51 times
    36 since last reset
  • The average score is 3 of 15
Answer Stats
Question Answer % Correct
What year was Woodstock? 1969
88%
Which duo did the soundtrack for Tron: Legacy? Daft Punk
62%
How many times has Moldova been in the Eurovision final? 12
44%
Which Guns N' Roses album is banned in China? Chinese Democracy
29%
What is the only band to have played in all 7 continents? Metallica
26%
Which band originally released Beggin'? The Four Seasons
21%
What is the name of Iron Maiden's mascot, which appears in almost every album cover? Eddie the Head
18%
Who had the Christmas #1 in the UK in 2000? Bob the Builder
12%
Which British ska band caused a magnitude 4.5 earthquake during a concert? Madness
12%
Which British groups name comes from the movie "Barbarella" Duran Duran
9%
Which band became famous through 4chan, due to their album supposedly being found in a Nottingham charity shop? Panchiko
9%
Which Swedish DJ was on Celebrity Big Brother? Basshunter
6%
What is the most rated album of all time on Rate Your Music? OK Computer
6%
Which Canadian bands lyrics composed of recordings from an answering machine? Tas 1000
3%
Name 1 of the 4 unsigned bands to sell out the London Astoria The Blackout | The Darkness | Enter Shikari | You Me At Six
3%
No matching quizzes found
Score Distribution
Percent of People with Each Score
Percentile by Number Answered
Your Score History
You have not taken this quiz since the last reset